| 000 | 00553nam a2200205 a 4500 | ||
|---|---|---|---|
| 005 | 20210219152950.0 | ||
| 008 | 991125n 000 0 u | ||
| 035 | _aUPN01000069480 | ||
| 222 | _aESCUELA ESPAÑOLA : PERIODISMO PROFESIONAL DE EDUCACION | ||
| 245 | _aContinuidad y progreso | ||
| 300 | _a1 (937), 3(939) | ||
| 362 | _a1993 Año 53, no. 3148 jun. 10 | ||
| 440 | 0 | _a937 | |
| 653 | 0 | _aESPAÑA | |
| 653 | 0 | _aLOGSE | |
| 653 | 0 | _aREFORMA EDUCATIVA | |
| 653 | 0 | _aSISTEMA EDUCATIVO NACIONAL | |
| 904 |
_aAC _b007291 |
||
| 905 | _aArticulo | ||
| 999 |
_c64976 _d64976 |
||